পার্ব্বত্য চট্টলের এক দীন সেবকের জীবন কাহিনী / (Record no. 71052)
[ view plain ]
| 000 -LEADER | |
|---|---|
| fixed length control field | 01088nam a22002417a 4500 |
| 001 - CONTROL NUMBER | |
| control field | 71052 |
| 003 - CONTROL NUMBER IDENTIFIER | |
| rucl marc code | BD-RjUL |
| 005 - DATE AND TIME OF LATEST TRANSACTION | |
| control field | 20211209082055.0 |
| 008 - FIXED-LENGTH DATA ELEMENTS--GENERAL INFORMATION | |
| fixed length control field | 170424s1970 bg a|||| |||| 00| 0 ben d |
| 020 ## - INTERNATIONAL STANDARD BOOK NUMBER | |
| Terms of availability | TK. : 4.00 |
| 035 ## - SYSTEM CONTROL NUMBER | |
| System control number | (BD-RjUL)71266 |
| 040 ## - CATALOGING SOURCE | |
| Original cataloging agency | BD-RjUL |
| Language of cataloging | ben |
| Transcribing agency | BD-RjUL |
| 041 ## - LANGUAGE CODE | |
| Language code of text/sound track or separate title | ben |
| 082 ## - DEWEY DECIMAL CLASSIFICATION NUMBER | |
| Edition number | 23 |
| Classification number | 331.3092 |
| Author mark and year | DEP 1970 |
| 100 1# - MAIN ENTRY--PERSONAL NAME | |
| Personal name | দেওয়ান, কামিনী মোহন |
| 9 (RLIN) | 210217 |
| 245 10 - TITLE STATEMENT | |
| Title | পার্ব্বত্য চট্টলের এক দীন সেবকের জীবন কাহিনী / |
| Statement of responsibility, etc. | কামিনী মোহন দেওয়ান |
| 260 ## - PUBLICATION, DISTRIBUTION, ETC. (IMPRINT) | |
| Place of publication, distribution, etc. | পার্ব্বত্য চট্টগ্রাম |
| Name of publisher, distributor, etc. | দেওয়ান ব্রার্দাস এণ্ড কোং, |
| Date of publication, distribution, etc. | ১৯৭০ |
| 300 ## - PHYSICAL DESCRIPTION | |
| Pagination | ৩৯৪ পৃ |
| Illustrations | চিত্র |
| Size | ২২ সেমি |
| 600 ## - SUBJECT ADDED ENTRY--PERSONAL NAME | |
| Personal name | দেওয়ান, কামিনী মোহন |
| Dates associated with a name | ১৮৯০- |
| General subdivision | জীবনী |
| Personal name | Dewan, Kamini Mohan |
| Titles and other words associated with a name | 1890- |
| General subdivision | Biography |
| 650 ## - SUBJECT ADDED ENTRY--TOPICAL TERM | |
| Topical term or geographic name as entry element | Social workers |
| General subdivision | Biography |
| 9 (RLIN) | 210220 |
| 942 ## - ADDED ENTRY ELEMENTS (KOHA) | |
| Source of classification or shelving scheme | Dewey Decimal Classification |
| Koha item type | Books |
| Lost status | Source of classification or shelving scheme | Damaged status | Not for loan | Collection code | Permanent Location | Current Location | Shelving location | Date acquired | Source of acquisition | Total Checkouts | Full call number | Date last seen | Copy number | Koha item type |
|---|---|---|---|---|---|---|---|---|---|---|---|---|---|---|
| Dewey Decimal Classification | Not For Loan | Non-fiction | Central Library, University of Rajshahi | Central Library, University of Rajshahi | Reading Room | 19/02/1972 | Kamini Mohan Dewan, Chittagong | B 331.3092 DEP 1970 | 24/04/2017 | C-1 | Books |